000 00347nam a2200169Ia 4500
100 _aMittal/ R.K/ Nagrath/I.J
650 _aRobotics
942 _cBK
366 _f26
654 _aRobotics
245 _aRobotics and control
260 _bMcGraw Hill
_c2003
082 _a629.892
_bMIT
300 _a485
546 _aENGLISH
999 _c33143
_d33143